Špecifické prípady účtovania podnikateľov. 14

Účtová trieda 5 - náklady. Účtovanie daní a poplatkov, cestnej dane a dane z nehnuteľností. Iné prevádzkové náklady. Dary, odpisy pohľadávok. Odpisy, rezervy a opravné položky prevádzkových nákladov účtovných rezerv. Mimoriadne náklady. Účtovanie mánk a škôd.

Enregistré dans:
Détails bibliographiques
Auteur principal: Mázik, Ján
Format: Chapitre de livre
Langue:slovaque
Sujets:
Tags: Ajouter un tag
Pas de tags, Soyez le premier à ajouter un tag!

MARC

LEADER 00000naa a2200000 4500
001 r021668
005 20230811094501.0
041 0 |a slo 
044 |a SK 
245 1 0 |a Špecifické prípady účtovania podnikateľov. 14  |c Ján Mázik 
520 |a Účtová trieda 5 - náklady. Účtovanie daní a poplatkov, cestnej dane a dane z nehnuteľností. Iné prevádzkové náklady. Dary, odpisy pohľadávok. Odpisy, rezervy a opravné položky prevádzkových nákladov účtovných rezerv. Mimoriadne náklady. Účtovanie mánk a škôd. 
610 2 0 |a účtovníctvo podvojné 
610 2 0 |a náklady 
610 2 0 |a dane 
610 2 0 |a poplatky 
610 2 0 |a dane cestné 
610 2 0 |a dane z nehnuteľností 
610 2 0 |a dary 
610 2 0 |a odpisy 
610 2 0 |a pohľadávky 
610 2 0 |a rezervy 
610 2 0 |a náklady prevádzkové 
610 2 0 |a manká 
610 2 0 |a škody 
610 2 0 |a účtovanie 
100 1 |a Mázik, Ján